Hacia la reunificación : (Record no. 210286)
[ view plain ]
| 000 -CABECERA | |
|---|---|
| campo de control de longitud fija | 00878cam a22002417a 4500 |
| 003 - IDENTIFICADOR DEL NÚMERO DE CONTROL | |
| campo de control | MX-MxUPN |
| 005 - FECHA Y HORA DE LA ÚLTIMA TRANSACCIÓN | |
| campo de control | 20231023123225.0 |
| 008 - ELEMENTOS DE LONGITUD FIJA--INFORMACIÓN GENERAL | |
| campo de control de longitud fija | 230912s1990 mx| |||fr|||| 000 0 spa d |
| 020 ## - NÚMERO INTERNACIONAL NORMALIZADO PARA LIBROS | |
| Número Internacional Estándar del Libro | 9681635582 |
| 040 ## - FUENTE DE LA CATALOGACIÓN | |
| Centro catalogador/agencia de origen | MX-MxUPN |
| Lengua de catalogación | spa |
| 050 #4 - SIGNATURA TOPOGRÁFICA DE LA BIBLIOTECA DEL CONGRESO | |
| Número de clasificación | DD232 |
| Número de documento/Ítem | S38 1990 |
| 100 1# - ASIENTO PRINCIPAL--NOMBRE PERSONAL | |
| 9 (RLIN) | 50390 |
| Nombre de persona | Schultz D., A. M. |
| Fechas asociadas al nombre | 1959- |
| Forma completa/desarrollada del nombre | (Abie Mario Schultz Dantus), |
| 245 10 - MENCIÓN DE TÍTULO | |
| Título | Hacia la reunificación : |
| Resto del título | la cuestión alemana en la década de los ochenta |
| 250 ## - MENCIÓN DE EDICIÓN | |
| Mención de edición | Primera edición |
| 260 ## - PUBLICACIÓN, DISTRIBUCIÓN, ETC. | |
| Lugar de publicación, distribución, etc. | México, D.F. : |
| Nombre del editor, distribuidor, etc. | Fondo de Cultura Económica, |
| Fecha de publicación, distribución, etc. | 1990 |
| 300 ## - DESCRIPCIÓN FÍSICA | |
| Extensión | 442 páginas |
| 490 0# - MENCIÓN DE SERIE | |
| Mención de serie | Colección popular ; |
| Designación de volumen o secuencia | 462 |
| 651 #4 - ASIENTO SECUNDARIO DE MATERIA - NOMBRE GEOGRAFICO | |
| 9 (RLIN) | 50392 |
| Nombre geográfico | Alemania |
| Subdivisión de forma | Historia |
| Subdivisión cronológica | Siglo XX |
| 651 #4 - ASIENTO SECUNDARIO DE MATERIA - NOMBRE GEOGRAFICO | |
| 9 (RLIN) | 1798 |
| Nombre geográfico | Alemania (Republica Democrática, 1949-1990) |
| Subdivisión general | Historia |
| 651 #4 - ASIENTO SECUNDARIO DE MATERIA - NOMBRE GEOGRAFICO | |
| 9 (RLIN) | 50391 |
| Nombre geográfico | Alemania (Republica Federal, 1949-1990) |
| Subdivisión general | Historia |
| 902 ## - ELEMENTOS DE DATOS B LOCAL, LDB (RLIN) | |
| Creó | GCH120923 |
| Modificó | VíctorGodínez/231023 |
| 942 ## - ELEMENTOS DE PUNTO DE ACCESO ADICIONAL (KOHA) | |
| Fuente del sistema de clasificación o colocación | Library of Congress Classification |
| Tipo de ítem Koha | Libro |
| Estado de retiro | Estado de pérdida | Fuente del sistema de clasificación o colocación | Estado dañado | No para préstamo | Código de colección | Localización permanente | Ubicación/localización actual | Ubicación en estantería | Fecha de adquisición | Clasificación | Código de barras | Fecha visto por última vez | Precio válido a partir de | Tipo de ítem Koha |
|---|---|---|---|---|---|---|---|---|---|---|---|---|---|---|
| Library of Congress Classification | Colección General | Bib. Gregorio Torres Quintero | Bib. Gregorio Torres Quintero | Planta baja | 12/09/2023 | DD232 S38 1990 | 337244 | 12/09/2023 | 12/09/2023 | Libro |
